000 00658nam a22002297a 4500
003 UA-OsUOA
001 125846
007 ta
008 20170929b un ||||| |||| 00| 0 ukr d
100 _aАкунин Б.
090 _a821.161.1
_bА44
942 _cBK
040 _aUA-OsUOA
_brus
_cUA-OsUOA
_dUA-OsUOA
245 _aНефритовые четки
_bприключения Эраста Фандорина в ХІХ веке
300 _a703 с.
955 _a3
041 _arus
080 _a821.161.1
260 _aМ.
_bЗахаров
_c2004
650 7 _a82 Література. Літературознавство
_2UDC
999 _c413082
_d413082